Portréty významných Čechů, významných Slovákov, wybitnych Polaków výročí 1973

Bibliographic Details
Other Authors: Šeiner, Ivan (Compiler), Taszek, Walter (Illustrator)
Format: Book
Language:Czech
Polish
Slovak
PhysicalDescription:53 s. ilustr. 29 cm 13 príl., skladačiek
Published: Karviná Okresní knihovna 1973
Subjects:

MARC

LEADER 00000cam a2200000 a 4500
001 vtls001290660
003 SK-MaSNL
005 20260425232141.0
008 210928s1973 xr o h 00000ccze
035 |a SNK000242310 
040 |a SNK  |b slo  |c SNK  |e AACR2 
041 0 |a cze  |a pol  |a slo 
043 |a e-xr---  |a e-xo---  |a e-pl--- 
044 |a xr  |c CZ 
080 |a 929  |2 2001 
080 |a 394.46 (=162.3)+(162.4)+(162.1)  |2 2001 
080 |a (437.3)  |2 2001 
080 |a (437.6)  |2 2001 
080 |a (438)  |2 2001 
080 |a (092)  |2 2001 
245 0 0 |a Portréty významných Čechů, významných Slovákov, wybitnych Polaków  |b výročí 1973  |c [zpracoval aut. kol. pod vedením Ivana Šeinera] ; [grafická úprava, ilustrace a obálka Walter Taszek] 
260 |a Karviná  |b Okresní knihovna  |c 1973 
300 |a 53 s.  |b ilustr.  |c 29 cm  |e 13 príl., skladačiek 
650 0 7 |a osobnosti  |2 SNKPH  |9 29820 
650 0 7 |a výročia a významné udalosti  |2 SNKPH  |9 16069 
651 7 |a Česko  |2 SNKPH  |9 16753 
651 7 |a Slovensko  |2 SNKPH  |9 14231 
651 7 |a Poľsko  |2 SNKPH  |9 16755 
655 7 |a biografie  |2 SNKPH  |9 27965 
700 1 |a Šeiner, Ivan  |4 com  |9 466377 
700 1 |a Taszek, Walter  |4 ill  |9 466378 
852 |a Štátna vedecká knižnica v Banskej Bystrici 
958 |a OND 
999 |c 730600  |d 732530 
952 |t P60, <03>, [BOOK], {603}  |a SNK  |b SNK  |y PREZ  |7 0  |o snkSB 20262  |i snkKIP 1095/74  |0 0  |1 0  |4 0  |d 1997-06-16  |l 0  |r 2005-01-02 00:00:00  |w 2026-02-23 
952 |t P60, <04>, [BOOK], {604}  |a SNK  |b SNK  |y VYP  |7 0  |o snkSB 20262 D1  |i snkKIP 1096/74  |0 0  |1 0  |4 0  |d 1997-06-16  |l 0  |r 2005-01-02 00:00:00  |w 2026-02-23 
952 |t P60, <04>, [BOOK], {604}  |a SNK  |b SNK  |y VYP  |7 0  |p 17A0072661  |o snkSB 20262 D2  |i snkV 1452/97  |0 0  |1 0  |4 0  |d 1997-06-17  |l 0  |r 2005-01-02 00:00:00  |w 2026-02-23 
952 |a SNK  |b SNK  |y PREZ  |7 0  |p 17A0901201  |o snkSB 20262  |0 0  |1 0  |4 0  |d 2012-07-24  |f 1  |l 0  |r 2025-03-25 00:00:00  |w 2026-02-23